000
00307nam a22001337a 4500
082
_a
823
_b
JAI/U
100
_a
JAI/KULDEEP
245
_a
THE UGLY DUCKLINGS
246
_a
THE UGLY DUCKLINGS
_b
THE UGLY DUCKLINGS
260
_a
NEW DELHI
_b
PEGASUS
_c
2025
300
_a
16
650
_a
ENGLISH STORY
942
_c
BK
999
_c
9156
_d
9156